Normal view
MARC view
- Aqeel Ahmed Awan
Entry Personal Name
001 - CONTROL NUMBER
- control field: 105975
003 - CONTROL NUMBER IDENTIFIER
- control field: NUST
005 - DATE AND TIME OF LATEST TRANSACTION
- control field: 20221226150844.0
008 - FIXED-LENGTH DATA ELEMENTS
- fixed length control field: 221226|| aca||aabn | a|a d
040 ## - CATALOGING SOURCE
- Original cataloging agency: NUST
- Transcribing agency: NUST
100 ## - HEADING--PERSONAL NAME
- Personal name: Aqeel Ahmed Awan
670 ## - SOURCE DATA FOUND
- Source citation: Work cat.: (NUST)9285: Aqeel Ahmed Awan, Design of Layer Architecture for Multi Services Networks and its Utilization in Enum, 2004.
